Energy Security (Record no. 178369)

MARC details
000 -LEADER
fixed length control field 00464nam a2200205Ia 4500
008 - FIXED-LENGTH DATA ELEMENTS--GENERAL INFORMATION
fixed length control field 240823s9999||||xx |||||||||||||| ||und||
020 ## - INTERNATIONAL STANDARD BOOK NUMBER
International Standard Book Number 81-7141-598-9
082 ## - DEWEY DECIMAL CLASSIFICATION NUMBER
-- 333.79 P1
100 ## - MAIN ENTRY--PERSONAL NAME
Personal name Rao D B
245 #0 - TITLE STATEMENT
Title Energy Security
250 ## - EDITION STATEMENT
Edition statement 1st
260 ## - PUBLICATION, DISTRIBUTION, ETC. (IMPRINT)
Date of publication, distribution, etc 2001
Name of publisher, distributor, etc "Discovery,"
500 ## - GENERAL NOTE
General note YES
650 ## - SUBJECT ADDED ENTRY--TOPICAL TERM
Topical term or geographic name as entry element Energy Conversion
700 ## - ADDED ENTRY--PERSONAL NAME
Personal name Harshita D Ed.
942 ## - ADDED ENTRY ELEMENTS (KOHA)
Item type Books
Holdings
Withdrawn status Lost status Damaged status Permanent location Current location Shelving location Date acquired Source of acquisition Cost, normal purchase price Full call number Barcode Date last seen Koha item type
      CENTRAL LIBRARY, NOORUL ISLAM CENTRE FOR HIGHER EDUCATION CENTRAL LIBRARY, NOORUL ISLAM CENTRE FOR HIGHER EDUCATION   10/06/2007 Capricorn Educational Supplies 1000.00 333.79 P1 31799 08/23/2024 Books
Visitors:
Copyright © 2024 Central Library NICHE.  All rights reserved.